| 000 | 01149nam a22002537a 4500 | ||
|---|---|---|---|
| 005 | 20090825120337.0 | ||
| 008 | 090728t xxu||||| |||| 00| 0 pun d | ||
| 010 | _aPUN-6517 | ||
| 020 |
_c575.00 _a97889350170694 |
||
| 035 | _aPN-5635 | ||
| 037 | _bDBAD / PUB | ||
| 040 |
_adpl _bpn |
||
| 082 | _a852 | ||
| 100 |
_924414 _aਰਾਜਿੰਦਰ ਭੋਗਲ |
||
| 245 |
_aਮੇਰੇ ਨਾਟਕ ਅਤੇ ਇਕਾਂਗੀ / _cਰਾਜਿੰਦਰ ਭੋਗਲ , ਅਮਨਦੀਪ ਭੋਗਲ ਦ੍ਵਾਰਾ ਸੰਪਾਦਿਤ |
||
| 246 |
_aMere natak ate Ikangi _bby Rajinder Bhogal |
||
| 260 |
_aਚੰਡੀਗਡ਼ _bਲੋਕਗੀਤ ਪ੍ਰਕਾਸ਼ਨ _c2010 |
||
| 270 |
_as.c.o-26-27, Sector-34-A, _bਚੰਡੀਗਡ਼ _e160022 _k01624-682954, 09781534406 |
||
| 300 | 4 |
_a423 ਸਫੇ _c22 ਸੇਮੀ (ਸਜਿਲੱਦ) |
|
| 650 |
_924412 _aਪੰਜਾਬੀ ਨਾਟਕ |
||
| 650 |
_aDrama _924431 |
||
| 942 |
_2ddc _cPN _h852 _mਰਾਜਿੰਦ |
||
| 999 |
_c48895 _d48895 |
||